Responses for Show #4090 - Friday, May 17, 2002

Ben Tritle game 2.

Contestants

[<< previous game]

Trey Morris, a medical student from Lubbock, Texas

Melanie Evans, a librarian from Boston, Massachusetts

Ben Tritle, an apartment manager from Los Angeles, California (whose 1-day cash winnings total $6,600)

[next game >>]

Jeopardy! Round responses

NEW ENGLAND
MY PERSONAL DIGITAL ASSISTANT
LANGUAGES
RELIGION
JOE-PARDY!
"EEL" OF FORTUNE
    $200 1
Connecticut

Trey
    $200 26
dry cleaner

Melanie
    $200 6
Hawaiian

Trey
    $200 11
Koran

Trey
    $200 21
Joe Frazier

Ben
    $200 14
peel

Ben
    $400 2
Boston

Melanie
    $400 27
refinance

Trey
    $400 7
I love you

Ben
    $400 12
Judaism

Melanie
    $400 22
G.I. Joe

Melanie
    $400 15
heel

Trey
    $600 3
Rhode Island

Ben
    $600 28
racquetball

Trey
    $600 8
India

Ben
    $600 13
Martin Luther

Ben
    $600 23
Penn State

Melanie
    $600 17
keel

Melanie
    $800 4
Maine

Trey
    $800 29
JFK

Melanie
    $800 9
Portuguese

Trey
    $800 16
nirvana

Ben
    $800 24
Joe Barbera

Melanie
    $800 18
reel

Trey
    $1000 5
White Mountains

Ben
    $1000 30
Wellington

Melanie
    $1,000 10
(Trey: What is Panama?)

Belize

Trey
    $1000 19
Confucius

Melanie
    $1000 25
Joe Tynan

Triple Stumper
    $1000 20
steel

Trey

Scores at the first commercial break (after clue 15):

Ben Melanie Trey
$3,400 $800 $1,600

Scores at the end of the Jeopardy! Round:

Ben Melanie Trey
$4,400 $6,200 $4,400

Double Jeopardy! Round responses

THE 20th CENTURY
THE TV VAULT
CAPITAL CITY BIRTHPLACES
JUST TO THE RIGHT
EUROPEAN ART
TELL ME "Y"
    $400 21
Kon-Tiki

Ben
    $400 1
(Trey: What is Alice?)

All in the Family

BenTrey
    $400 23
Tokyo

Trey
    $400 7
Ed McMahon

Ben
    $400 5
the Last Supper

Ben
    $400 15
Yale

Melanie
    $800 22
(Melanie: What is France?)

the Netherlands

MelanieTrey
    $800 2
Fantasy Island

Ben
    $800 24
(Trey: What is Nashville?)

Washington, D.C.

BenTrey
    $800 8
Scorpio

Melanie
    $800 10
canvas

Trey
    $800 16
yogurt

Trey
    $1200 25
Keating Five

Trey
    $1200 3
T.J. Hooker

Ben
    $1200 28
Madrid

Ben
    $1200 9
(Ben: What is white queen?)
[Initially ruled incorrect; reversed after clue 12, with Alex explaining that he "said 'the' instead of 'your' piece in that JUST TO THE RIGHT category and Ben, you could well have been sitting across the table playing chess with me and that might have misled you, so we're not going to penalize you for that."]

bishop

BenTrey
    $1200 11
(Ben: What is the Great Depression?)

World War I

BenTrey
    $1200 17
Yangtze

Melanie
    $1600 26
shoe factory

Trey
    $1600 4
Land of the Lost

Melanie
    $600 29
(Ben: What is Amsterdam?)

Oslo

Ben
    $1600 14
U

Ben
    $2,000 12
Rembrandt

Trey
    $1600 18
Yucatan

Melanie
    $2000 27
(Trey: Who is Garner?)

Henry Wallace

Trey
Triple Stumper
    $2000 6
The White Shadow

Ben
    $2000 30
(Melanie: What is Oslo?)
(Trey: What is Vienna?)

Stockholm

MelanieTrey
Triple Stumper
    $2000 20
oxygen

Ben
    $2000 13
(Trey: What is of the north?)

of the night

MelanieTrey
    $2000 19
yeshiva

Melanie

Scores at the end of the Double Jeopardy! Round:

Ben Melanie Trey
$15,000 $13,000 $7,200

[wagering suggestions for these scores]

Final Jeopardy! Round responses

FICTIONAL CHARACTERS
TreyWho is Jack Ryan?
$1
MelanieWho is Jack Ryan?
$12,500
BenWho is Jack Ryan?
$11,001
Jack Ryan

Final scores:

Ben Melanie Trey
$26,001 $25,500 $7,201
2-day champion: $32,601 2nd place: $2,000 3rd place: $1,000

Game dynamics:

Coryat scores:

Ben Melanie Trey
$15,600 $13,000 $7,800
20 R,
2 W
(including 1 DD)
17 R,
2 W
19 R
(including 1 DD),
6 W
(including 1 DD)

Combined Coryat: $36,400

[game clues] [game scores] [suggest correction]

Game tape date: 2002-01-29
The J! Archive is created by fans, for fans. Scraping, republication, monetization, and malicious use prohibited; this site may use cookies and collect identifying information. See terms. The Jeopardy! game show and all elements thereof, including but not limited to copyright and trademark thereto, are the property of Jeopardy Productions, Inc. and are protected under law. This website is not affiliated with, sponsored by, or operated by Jeopardy Productions, Inc. Join the discussion at JBoard.tv.